[Event "Euskadi ch"]
[Site "?"]
[Date "2005.03.29"]
[Round "1.3"]
[White "Ruiz Gomez, Alejandro"]
[Black "Tornay Gomez, Josu"]
[Result "1-0"]
[WhiteElo "2336"]
[BlackElo "2113"]
[PlyCount "49"]
[EventDate "2005.03.29"]
[SourceDate "2005.03.29"]

1. d4 d5 2. Bg5 Nc6 3. Nf3 Bg4 4. c3 f6 5. Bf4 e5 6. dxe5 Bxf3 7. exf3 fxe5 8.
Bg3 Nf6 9. Bb5 Bd6 10. Nd2 O-O 11. Qc2 a6 12. Bd3 Ne7 13. O-O-O c5 14. Rhe1 Nc6
15. Bf5 Qe7 16. Bh4 g6 17. Bh3 Rad8 18. Nf1 d4 19. Nd2 Qf7 20. Qb3 Qxb3 21.
axb3 Rde8 22. Bxf6 Rxf6 23. Ne4 Be7 24. Nxf6+ Bxf6 25. Bd7 1-0

[Event "Euskadi ch"]
[Site "?"]
[Date "2005.03.29"]
[Round "1.1"]
[White "Gomez Esteban, Mario"]
[Black "Huerga Leache, Mikel"]
[Result "1-0"]
[WhiteElo "2474"]
[BlackElo "2136"]
[PlyCount "55"]
[EventDate "2005.03.29"]
[SourceDate "2005.03.29"]

1. d4 d5 2. c4 c6 3. Nf3 Nf6 4. e3 a6 5. Bd2 Ne4 6. Nc3 e6 7. Nxe4 dxe4 8. Ne5
Nd7 9. Qg4 Qb6 10. O-O-O Nf6 11. Qf4 Be7 12. g4 h6 13. h4 Bb4 14. Bxb4 Qxb4 15.
Be2 Qe7 16. g5 Nd7 17. Qxe4 hxg5 18. hxg5 Rxh1 19. Rxh1 Qxg5 20. Nxc6 bxc6 21.
Qxc6 Rb8 22. Qd6 f6 23. Qxe6+ Kd8 24. Qd6 Ke8 25. Rh8+ Kf7 26. Rxc8 Qg1+ 27.
Bd1 Ne5 28. dxe5 1-0

[Event "Euskadi ch"]
[Site "?"]
[Date "2005.03.29"]
[Round "1.10"]
[White "Garcia Moreno, Jose A"]
[Black "Navarrete Delgado, Sergio"]
[Result "0-1"]
[WhiteElo "2001"]
[BlackElo "2211"]
[PlyCount "70"]
[EventDate "2005.03.29"]
[SourceDate "2005.03.29"]

1. d4 Nf6 2. Nf3 d5 3. Bg5 e6 4. Nbd2 c5 5. e3 Nc6 6. c3 c4 7. e4 Be7 8. e5 Nd7
9. Bxe7 Qxe7 10. b3 cxb3 11. axb3 f6 12. Bb5 fxe5 13. dxe5 O-O 14. Qe2 Rf5 15.
Bd3 Rh5 16. g4 Rxe5 17. Nxe5 Ndxe5 18. Nf3 Nxg4 19. h3 Nf6 20. Ne5 Qc7 21. Nxc6
bxc6 22. Qe3 e5 23. Qg3 Qe7 24. O-O Nh5 25. Qe3 Nf4 26. Rad1 Bxh3 27. Rfe1 Bg4
28. Qxf4 exf4 29. Rxe7 Bxd1 30. b4 a5 31. b5 cxb5 32. Bxb5 Bb3 33. Kg2 a4 34.
Kf3 a3 35. Kxf4 a2 0-1

[Event "Euskadi ch"]
[Site "?"]
[Date "2005.03.29"]
[Round "1.8"]
[White "Alcaide Luque, Aitor"]
[Black "Limeres Guiance, Cristobal"]
[Result "0-1"]
[WhiteElo "2058"]
[BlackElo "2244"]
[PlyCount "64"]
[EventDate "2005.03.29"]
[SourceDate "2005.03.29"]

1. d4 e6 2. Nf3 f5 3. Bg5 Be7 4. Bxe7 Qxe7 5. Nbd2 Nf6 6. g3 O-O 7. Bg2 d6 8.
O-O Nc6 9. Re1 e5 10. d5 Nd8 11. e4 h6 12. Nh4 Qf7 13. Nxf5 Bxf5 14. exf5 Nxd5
15. Nc4 Ne7 16. Ne3 Nxf5 17. Bd5 Ne6 18. Nxf5 Qxf5 19. Qd3 Qf6 20. f4 Kh8 21.
Bxe6 Qxe6 22. fxe5 dxe5 23. Qb3 Qc6 24. Rxe5 Rf3 25. Qd5 Qb6+ 26. Qc5 Qxb2 27.
Rae1 Qb6 28. Qxb6 axb6 29. Re8+ Rxe8 30. Rxe8+ Kh7 31. Re2 b5 32. Kg2 Ra3 0-1

[Event "Euskadi ch"]
[Site "?"]
[Date "2005.03.29"]
[Round "1.11"]
[White "Galarza Docampo, Karmel"]
[Black "Martinez Pelaez, David"]
[Result "0-1"]
[WhiteElo "2201"]
[BlackElo "2000"]
[PlyCount "62"]
[EventDate "2005.03.29"]
[SourceDate "2005.03.29"]

1. Nf3 d5 2. d4 Nf6 3. c4 e6 4. g3 c6 5. Bg2 Nbd7 6. O-O Bd6 7. Nc3 O-O 8. Qc2
Re8 9. Rd1 Qe7 10. b3 b6 11. e4 dxe4 12. Nxe4 Nxe4 13. Qxe4 Bb7 14. Ne5 Nxe5
15. dxe5 Bc7 16. h4 h6 17. Bf1 Qc5 18. Bd3 Bxe5 19. Be3 f5 20. Qf3 Qe7 21. Rac1
c5 22. Qe2 Bf6 23. f3 Rad8 24. Qf2 Rd6 25. Be2 Red8 26. Qe1 Bd4 27. Qf2 e5 28.
Bxd4 Rxd4 29. Qe1 Qd6 30. Kf1 e4 31. f4 Qc6 0-1

[Event "Euskadi ch"]
[Site "?"]
[Date "2005.03.29"]
[Round "1.9"]
[White "Fernandez Hernandez, Gerardo"]
[Black "Rodriguez Gonzalez, Alex"]
[Result "1-0"]
[WhiteElo "2220"]
[BlackElo "2031"]
[PlyCount "63"]
[EventDate "2005.03.29"]
[SourceDate "2005.03.29"]

1. e4 d6 2. d4 Nf6 3. Nc3 g6 4. Bg5 Bg7 5. e5 Nfd7 6. exd6 cxd6 7. Qd2 h6 8.
Bf4 Nc6 9. Nf3 Nxd4 10. Nxd4 e5 11. Ndb5 exf4 12. Nxd6+ Kf8 13. O-O-O Nb6 14.
Nce4 Be6 15. Qxf4 Nd5 16. Qg3 Qb6 17. Nc4 Qb4 18. Qd6+ Qxd6 19. Ncxd6 Ke7 20.
Bc4 Nc7 21. Rhe1 Rhd8 22. Bxe6 Nxe6 23. c3 Rd7 24. f4 Rad8 25. f5 gxf5 26.
Nxf5+ Kf8 27. Nxg7 Kxg7 28. Rxd7 Rxd7 29. Rd1 Rc7 30. Kc2 Re7 31. Nd6 Rc7 32.
Ne8+ 1-0

[Event "Euskadi ch"]
[Site "?"]
[Date "2005.03.29"]
[Round "1.4"]
[White "Basto Auzmendi, Mario"]
[Black "Navarro Cia, Miguel"]
[Result "1-0"]
[WhiteElo "2111"]
[BlackElo "2299"]
[PlyCount "59"]
[EventDate "2005.03.29"]
[SourceDate "2005.03.29"]

1. e4 Nf6 2. e5 Nd5 3. c4 Nb6 4. c5 Nd5 5. Nc3 e6 6. d4 b6 7. Nxd5 exd5 8. Nf3
bxc5 9. Bd3 cxd4 10. O-O Nc6 11. Ng5 Be7 12. Qh5 g6 13. Qh6 Bf8 14. Qh4 Bg7 15.
Qg3 Qe7 16. f4 Bb7 17. Bd2 O-O-O 18. b4 f6 19. exf6 Qxf6 20. f5 gxf5 21. Rxf5
Qd6 22. Bf4 Qxb4 23. Bxc7 d6 24. Rf7 Ne5 25. Bf5+ Rd7 26. Rxg7 Kxc7 27. Rc1+
Bc6 28. Rxd7+ Nxd7 29. Ne6+ Kb6 30. Rb1 1-0

[Event "Euskadi ch"]
[Site "?"]
[Date "2005.03.29"]
[Round "1.2"]
[White "Corral Sierra, Javier"]
[Black "Gonzalez De la Torre, Santiago"]
[Result "0-1"]
[WhiteElo "2117"]
[BlackElo "2384"]
[PlyCount "128"]
[EventDate "2005.03.29"]
[SourceDate "2005.03.29"]

1. Nf3 d5 2. g3 Nf6 3. Bg2 c6 4. O-O Bf5 5. d3 h6 6. c4 dxc4 7. Ne5 Nbd7 8.
Nxc4 e5 9. Nc3 Be7 10. f4 exf4 11. Bxf4 Nb6 12. Ne5 O-O 13. e4 Be6 14. d4 Nc4
15. Nxc4 Bxc4 16. Rf2 Qd7 17. Rd2 Rad8 18. Kh1 Nh7 19. Qc2 Be6 20. d5 cxd5 21.
Nxd5 Rc8 22. Nc7 Rxc7 23. Qxc7 Qxc7 24. Bxc7 Rc8 25. Be5 Bg5 26. Re2 Bg4 27.
Ree1 Rc2 28. Bc3 Bd2 29. Bxd2 Rxd2 30. h3 Be2 31. b3 Ng5 32. e5 b6 33. h4 Ne6
34. Be4 Nd4 35. Rg1 Kf8 36. Rg2 Nc2 37. Bxc2 Bf3 38. Rag1 Rxc2 39. Kh2 Bxg2 40.
Rxg2 Rc3 41. Rf2 Ke7 42. Kg2 Ke6 43. h5 Re3 44. g4 b5 45. Rc2 Kxe5 46. Rc5+ Kf4
47. Rf5+ Kxg4 48. Rxf7 Re2+ 49. Kf1 Rxa2 50. Rxg7+ Kxh5 51. b4 a6 52. Rb7 Rb2
53. Rb6 Rxb4 54. Rxa6 Rb2 55. Rb6 Kg5 56. Rb8 h5 57. Rg8+ Kf4 58. Rf8+ Ke3 59.
Rf5 h4 60. Rh5 Kf3 61. Ke1 Kg4 62. Rh8 h3 63. Rg8+ Kf5 64. Rf8+ Ke6 0-1

[Event "Euskadi ch"]
[Site "?"]
[Date "2005.03.29"]
[Round "1.5"]
[White "Varas Gonzalez, Carlos"]
[Black "Hernandez Perez, Jesus"]
[Result "1-0"]
[WhiteElo "2299"]
[BlackElo "2105"]
[PlyCount "91"]
[EventDate "2005.03.29"]
[SourceDate "2005.03.29"]

1. e4 c5 2. Nf3 d6 3. d4 cxd4 4. Nxd4 Nf6 5. Nc3 g6 6. Be3 Bg7 7. Be2 O-O 8.
Nb3 Nc6 9. O-O Be6 10. f4 Qc8 11. Kh1 Bg4 12. Bg1 Bxe2 13. Qxe2 Qg4 14. Qb5
Rab8 15. Rae1 a6 16. Qd3 Rbc8 17. h3 Qe6 18. Nd5 Rb8 19. c4 Qd7 20. c5 Nxd5 21.
exd5 Nb4 22. Qc4 Qb5 23. Qxb5 axb5 24. cxd6 exd6 25. Bd4 Nxd5 26. Rd1 Bxd4 27.
Rxd4 Ne3 28. Rc1 Rbc8 29. Rxc8 Rxc8 30. Rxd6 Rc2 31. Rd2 Rxd2 32. Nxd2 Nc4 33.
Nxc4 bxc4 34. Kg1 Kf8 35. Kf2 Ke7 36. Ke3 Kd6 37. Kd4 b5 38. a4 Kc6 39. a5 f6
40. g4 h5 41. f5 gxf5 42. gxh5 f4 43. h6 f3 44. Ke3 b4 45. h7 c3 46. h8=Q 1-0

[Event "Euskadi ch"]
[Site "?"]
[Date "2005.03.29"]
[Round "1.12"]
[White "Virto Alustiza, Aingeru"]
[Black "Galzagorri Uli, Ieray"]
[Result "0-1"]
[WhiteElo "1953"]
[BlackElo "2199"]
[PlyCount "106"]
[EventDate "2005.03.29"]
[SourceDate "2005.03.29"]

1. e4 c5 2. Nf3 e6 3. c3 Nf6 4. d3 d5 5. exd5 Qxd5 6. Be3 Be7 7. h3 O-O 8. Be2
Nc6 9. O-O e5 10. Qc2 Bf5 11. Nh4 Be6 12. Nd2 Rac8 13. Ne4 Nd4 14. Bxd4 cxd4
15. Ng3 dxc3 16. bxc3 Rfd8 17. Nhf5 Bf8 18. Ne3 Qc5 19. Rfc1 g6 20. Rab1 b6 21.
Qa4 Qa3 22. Qxa3 Bxa3 23. Rc2 Bc5 24. Kf1 Bxe3 25. fxe3 Nd5 26. Kf2 Rxc3 27.
Rxc3 Nxc3 28. Ra1 Nxa2 29. Ne4 a5 30. Ng5 Bb3 31. Nf3 Nb4 32. Nxe5 f6 33. Nc4
Bxc4 34. dxc4 Rc8 35. Ke1 Kf7 36. Kd2 Ke6 37. Kc3 Kd6 38. Rd1+ Kc7 39. Rf1 Re8
40. Kd2 Re6 41. Rf4 Kc6 42. h4 Kc5 43. g4 Rd6+ 44. Kc3 Na2+ 45. Kc2 Nb4+ 46.
Kc3 a4 47. Rd4 Nc6 48. Rxd6 Kxd6 49. h5 gxh5 50. gxh5 h6 51. Bd1 a3 52. Kb3 Kc5
53. Be2 Ne5 0-1

[Event "Euskadi ch"]
[Site "?"]
[Date "2005.03.30"]
[Round "2.5"]
[White "Wu Martin, Eneko"]
[Black "Garrido Legarreta, Jose J"]
[Result "0-1"]
[WhiteElo "2081"]
[BlackElo "2066"]
[PlyCount "46"]
[EventDate "2005.03.29"]
[SourceDate "2005.03.29"]

1. e4 c5 2. Nf3 Nc6 3. d4 cxd4 4. Nxd4 Nf6 5. Nc3 e5 6. Ndb5 d6 7. Bg5 a6 8.
Na3 b5 9. Nd5 Be7 10. Bxf6 Bxf6 11. c3 O-O 12. Nc2 Rb8 13. a4 bxa4 14. Ncb4
Nxb4 15. Nxb4 Bb7 16. Qxa4 a5 17. Nc2 Qb6 18. Ra2 Bc6 19. Qc4 Rfc8 20. Ne3 a4
21. Nd5 Bxd5 22. Qxd5 a3 23. Bd3 Rc5 0-1

[Event "Euskadi ch"]
[Site "?"]
[Date "2005.03.30"]
[Round "2.2"]
[White "Gonzalez De la Torre, Santiago"]
[Black "Salinero De Prado, Juan M"]
[Result "1-0"]
[WhiteElo "2384"]
[BlackElo "2191"]
[PlyCount "37"]
[EventDate "2005.03.29"]
[SourceDate "2005.03.29"]

1. e4 c5 2. Nf3 a6 3. c3 e6 4. d4 cxd4 5. cxd4 d6 6. Bd3 Nc6 7. Nc3 Be7 8. a3
Nf6 9. b4 h6 10. O-O O-O 11. Bb2 b5 12. Qe2 d5 13. Rad1 Re8 14. Bb1 Bb7 15. Ne5
Na7 16. exd5 exd5 17. Rfe1 Bf8 18. Qd3 g6 19. Nxf7 1-0

[Event "Euskadi ch"]
[Site "?"]
[Date "2005.03.30"]
[Round "2.8"]
[White "Navarro Cia, Miguel"]
[Black "Alcaide Luque, Aitor"]
[Result "1-0"]
[WhiteElo "2299"]
[BlackElo "2058"]
[PlyCount "35"]
[EventDate "2005.03.29"]
[SourceDate "2005.03.29"]

1. e4 e6 2. Nc3 d5 3. Nf3 Nf6 4. e5 Nfd7 5. d4 c5 6. dxc5 Nc6 7. Bf4 f6 8. exf6
Nxf6 9. Nb5 Kf7 10. Bd3 Bxc5 11. O-O h6 12. Qe2 Bd7 13. Nd6+ Bxd6 14. Bxd6 Qb6
15. c3 Rhe8 16. Ne5+ Kg8 17. Nxd7 Nxd7 18. Bg6 1-0

[Event "Euskadi ch"]
[Site "?"]
[Date "2005.03.30"]
[Round "2.7"]
[White "Huerga Leache, Mikel"]
[Black "Basto Auzmendi, Mario"]
[Result "1-0"]
[WhiteElo "2136"]
[BlackElo "2111"]
[PlyCount "54"]
[EventDate "2005.03.29"]
[SourceDate "2005.03.29"]

1. e4 c5 2. Nf3 Nc6 3. d4 cxd4 4. Nxd4 Nf6 5. Nc3 e5 6. Ndb5 d6 7. Nd5 Nxd5 8.
exd5 Nb8 9. c4 Be7 10. Bd3 O-O 11. O-O a6 12. Nc3 f5 13. Bc2 Nd7 14. Rb1 b6 15.
Ne2 b5 16. cxb5 axb5 17. a4 Ba6 18. axb5 Bxb5 19. Re1 Qb8 20. Nd4 g6 21. Bh6
Rf7 22. Nc6 Qb7 23. Qf3 Bf6 24. Ra1 e4 25. Qb3 Nc5 26. Qxb5 Rxa1 27. Rxa1 Rd7
1-0

[Event "Euskadi ch"]
[Site "?"]
[Date "2005.03.30"]
[Round "2.3"]
[White "Galzagorri Uli, Ieray"]
[Black "Ruiz Gomez, Alejandro"]
[Result "0-1"]
[WhiteElo "2199"]
[BlackElo "2336"]
[PlyCount "82"]
[EventDate "2005.03.29"]
[SourceDate "2005.03.29"]

1. e4 c6 2. d4 d5 3. exd5 cxd5 4. c4 Nf6 5. Nc3 Nc6 6. Nf3 e6 7. cxd5 Nxd5 8.
Bc4 Be7 9. O-O O-O 10. Re1 a6 11. Ne4 h6 12. Ne5 Bd7 13. Nxd7 Qxd7 14. Nc5 Bxc5
15. dxc5 Rad8 16. Qg4 Nf6 17. Qh4 Qd4 18. Qxd4 Nxd4 19. Rb1 Nc2 20. Rf1 Ne4 21.
c6 b5 22. Bb3 Nd4 23. Re1 Nc5 24. c7 Rd7 25. Be3 Rc8 26. Rbd1 Ncxb3 27. axb3 e5
28. Bxd4 exd4 29. g3 Rcxc7 30. Re4 d3 31. Re3 d2 32. Re2 Rc2 33. Kf1 Rxb2 34.
Re3 Kf8 35. Ke2 a5 36. h4 Re7 37. Rxe7 Kxe7 38. Ra1 Rxb3 39. Rxa5 Rd3 40. Ra1
d1=Q+ 41. Rxd1 Rxd1 0-1

[Event "Euskadi ch"]
[Site "?"]
[Date "2005.03.30"]
[Round "2.4"]
[White "Martinez Pelaez, David"]
[Black "Varas Gonzalez, Carlos"]
[Result "0-1"]
[WhiteElo "2000"]
[BlackElo "2299"]
[PlyCount "84"]
[EventDate "2005.03.29"]
[SourceDate "2005.03.29"]

1. d4 Nf6 2. Nc3 d5 3. Bg5 Nbd7 4. Nf3 h6 5. Bh4 e6 6. Qd3 Be7 7. e3 O-O 8. h3
c5 9. Be2 a6 10. O-O b5 11. Ne5 c4 12. Qd2 b4 13. Nd1 Ne4 14. Bxe7 Qxe7 15. Qe1
Nxe5 16. dxe5 Rb8 17. f3 Nc5 18. Qg3 Bd7 19. Nf2 Qg5 20. Qxg5 hxg5 21. Rfd1 Bc6
22. Rd4 f6 23. Ng4 f5 24. Nf2 Nd7 25. f4 gxf4 26. exf4 g5 27. g3 Kf7 28. Kg2
Rg8 29. Kf3 gxf4 30. gxf4 Nc5 31. Rf1 Rg7 32. Ke3 Rg3+ 33. Kd2 a5 34. Bh5+ Ke7
35. Ke2 Rh8 36. Bf3 c3 37. bxc3 Bb5+ 38. Nd3 bxc3 39. Rh1 Rhxh3 40. Rxh3 Rxh3
41. Ke3 Nxd3 42. cxd3 Rxf3+ 0-1

[Event "Euskadi ch"]
[Site "?"]
[Date "2005.03.30"]
[Round "2.1"]
[White "Navarrete Delgado, Sergio"]
[Black "Gomez Esteban, Mario"]
[Result "0-1"]
[WhiteElo "2211"]
[BlackElo "2474"]
[PlyCount "109"]
[EventDate "2005.03.29"]
[SourceDate "2005.03.29"]

1. e4 c6 2. d4 d5 3. exd5 cxd5 4. c4 Nf6 5. Nc3 e6 6. Nf3 Be7 7. cxd5 Nxd5 8.
Bd3 O-O 9. O-O Nc6 10. Re1 Bf6 11. Be4 Nce7 12. Ne5 Qb6 13. Qd3 h6 14. b3 Nxc3
15. Qxc3 Rd8 16. Ba3 Nf5 17. Bc5 Qc7 18. Rac1 Bd7 19. Qf3 Bxe5 20. dxe5 Bc6 21.
Bd6 Nxd6 22. Bxc6 bxc6 23. exd6 Rxd6 24. Re4 Rad8 25. g3 Rd3 26. Re3 Rxe3 27.
Qxe3 Rd5 28. Qc3 c5 29. b4 c4 30. Kg2 Qc6 31. Qf3 Qb5 32. a3 Rd3 33. Qa8+ Kh7
34. Qe4+ f5 35. Qxc4 Qxc4 36. Rxc4 Rxa3 37. Rc6 Rb3 38. Rxe6 Rxb4 39. Ra6 Rb7
40. Kf3 Rf7 41. h3 Kg8 42. h4 Kf8 43. Kf4 Ke8 44. f3 Kd8 45. Ke5 Kc8 46. Ra3
Kb7 47. Kd5 a6 48. Rb3+ Ka7 49. Kc6 Rf6+ 50. Kc5 a5 51. Ra3 Ka6 52. Ra2 Rg6 53.
Rg2 h5 54. Kd5 f4 55. g4 {(Bandera)} 0-1

[Event "Euskadi ch"]
[Site "?"]
[Date "2005.03.30"]
[Round "2.6"]
[White "Limeres Guiance, Cristobal"]
[Black "Fernandez Hernandez, Gerardo"]
[Result "1-0"]
[WhiteElo "2244"]
[BlackElo "2220"]
[PlyCount "131"]
[EventDate "2005.03.29"]
[SourceDate "2005.03.29"]

1. d4 d6 2. Nf3 Nf6 3. Nc3 $11 g6 4. e4 Bg7 5. Be2 O-O 6. O-O Bg4 7. Be3 Nc6 8.
d5 Nb8 9. Re1 c6 10. Nd4 Bxe2 11. Qxe2 Qa5 12. h3 Nfd7 13. f4 c5 14. Nb3 Qd8
15. e5 Na6 16. exd6 exd6 17. Qf3 Re8 18. Bf2 Nb6 19. Rxe8+ Qxe8 20. Re1 Qd7 21.
Bh4 Re8 22. Rxe8+ Qxe8 23. Ne4 Nxd5 24. c4 f5 25. Nxd6 Qe3+ 26. Qxe3 Nxe3 27.
Bf2 Bf8 28. Bxe3 Bxd6 29. Na5 b6 30. Nc6 Nb4 31. Nxa7 Nxa2 32. Nc8 Bc7 33. Ne7+
Kf7 34. Nd5 Bd8 35. Bd2 Ke6 36. Kf1 b5 37. b3 Kd6 38. Ke2 bxc4 39. bxc4 Kc6 40.
Kd3 Bh4 41. Kc2 Nb4+ 42. Nxb4+ cxb4 43. Bxb4 Bg3 44. Bd2 Kc5 45. Kd3 Bf2 46.
Bc3 Bg1 47. Bg7 Bf2 48. Bf8+ Kc6 49. Bb4 Bg1 50. Be1 Kc5 51. g4 Kd6 52. gxf5
gxf5 53. Bc3 Kc5 54. Bg7 Kc6 55. Bd4 Bh2 56. Be3 Bg3 57. Kd4 Kd6 58. c5+ Ke6
59. Kc4 Bh4 60. Bd4 Bd8 61. Be5 Be7 62. c6 Bh4 63. Kb5 Bf2 64. Ka6 Be1 65. c7
Kd7 66. Kb7 1-0

[Event "Euskadi ch"]
[Site "?"]
[Date "2005.03.30"]
[Round "2.11"]
[White "Tornay Gomez, Josu"]
[Black "Garcia Moreno, Jose A"]
[Result "1/2-1/2"]
[WhiteElo "2113"]
[BlackElo "2001"]
[PlyCount "149"]
[EventDate "2005.03.29"]
[SourceDate "2005.03.29"]

1. e4 d5 2. exd5 Qxd5 3. Nc3 Qa5 4. d4 c6 5. Bc4 Nf6 6. Bd2 Bf5 7. Nge2 e6 8.
Ng3 Bg6 9. h4 h6 10. Nd5 Qd8 11. Nf4 Bh7 12. Qe2 Nd5 13. O-O-O Be7 14. Nfh5 Bf6
15. Qg4 Rg8 16. Rhe1 Na6 17. Ne4 Bxe4 18. Rxe4 Kd7 19. Nf4 Nac7 20. Nd3 b6 21.
Ne5+ Bxe5 22. dxe5 Qf8 23. Bb4 c5 24. Bxd5 Nxd5 25. Rxd5+ Kc7 26. Rd3 cxb4 27.
Rxb4 Rd8 28. Rc3+ Kb8 29. Rbc4 Qe7 30. Rc6 Qd7 31. Rd6 Qb5 32. Qc4 Qxc4 33.
Rxc4 Rc8 34. Rxc8+ Kxc8 35. Kd2 g5 36. h5 g4 37. Ke3 Rg5 38. Kf4 Rxh5 39. Rd2
Rf5+ 40. Ke4 h5 41. g3 Rg5 42. Rd3 Rg6 43. f4 Rg8 44. Rd2 Kc7 45. Rh2 Rh8 46.
f5 Kc6 47. f6 Kc5 48. Kf4 Kd5 49. Rd2+ Kc6 50. Rd6+ Kc7 51. Rd2 Kc6 52. c4 Rg8
53. Rh2 Rh8 54. b4 a5 55. a3 axb4 56. axb4 b5 57. cxb5+ Kxb5 58. Kg5 Rg8+ 59.
Kh6 Kxb4 60. Rxh5 Kc4 61. Kh7 Rg6 62. Kh8 Kd4 63. Kh7 Ke4 64. Kh8 Kf3 65. Rh7
Rg5 66. Rxf7 Rxe5 67. Re7 Kxg3 68. Kg7 Rf5 69. Rxe6 Kf2 70. Kg6 Rf3 71. Re5
Rxf6+ 72. Kxf6 g3 73. Rf5+ Ke3 74. Rg5 Kf2 75. Ra5 1/2-1/2

[Event "Euskadi ch"]
[Site "?"]
[Date "2005.03.30"]
[Round "3.1"]
[White "Gomez Esteban, Mario"]
[Black "Varas Gonzalez, Carlos"]
[Result "1/2-1/2"]
[WhiteElo "2474"]
[BlackElo "2299"]
[PlyCount "36"]
[EventDate "2005.03.29"]
[SourceDate "2005.03.29"]

1. d4 Nf6 2. c4 e6 3. Nc3 Bb4 4. Qc2 d5 5. a3 Bxc3+ 6. Qxc3 Ne4 7. Qc2 c5 8.
dxc5 Nc6 9. Nf3 Qa5+ 10. Nd2 Nd4 11. Qd3 e5 12. b4 Qa4 13. Ra2 Bf5 14. f3 Nxc5
15. Qc3 Ncb3 16. e4 Nxc1 17. Qxc1 dxe4 18. fxe4 Be6 1/2-1/2

[Event "Euskadi ch"]
[Site "?"]
[Date "2005.03.30"]
[Round "3.4"]
[White "Huerga Leache, Mikel"]
[Black "Navarro Cia, Miguel"]
[Result "1-0"]
[WhiteElo "2136"]
[BlackElo "2299"]
[PlyCount "73"]
[EventDate "2005.03.29"]
[SourceDate "2005.03.29"]

1. d4 Nf6 2. c4 g6 3. Nc3 d5 4. Bg5 Ne4 5. cxd5 Nxg5 6. h4 Ne4 7. Nxe4 Qxd5 8.
Nc3 Qd8 9. Nf3 Bg7 10. h5 c5 11. hxg6 hxg6 12. Rxh8+ Bxh8 13. dxc5 Bxc3+ 14.
bxc3 Qxd1+ 15. Rxd1 Be6 16. e4 a6 17. Nd4 Bxa2 18. Ra1 Be6 19. Nxe6 fxe6 20.
Bb5+ Nc6 21. Ba4 Rc8 22. Rb1 Rc7 23. Kd2 Kf7 $11 24. Bxc6 Rxc6 25. Rxb7 Rxc5
26. Rb6 a5 27. Kd3 e5 28. c4 e6 29. Rb5 Rc8 30. Rxa5 Kf6 31. c5 Rd8+ 32. Kc4
Rd2 33. Ra3 Ke7 34. Rf3 Rd4+ 35. Kb5 Rxe4 36. c6 Kd6 37. Rf7 1-0

[Event "Euskadi ch"]
[Site "?"]
[Date "2005.03.30"]
[Round "3.11"]
[White "Galarza Docampo, Karmel"]
[Black "Tornay Gomez, Josu"]
[Result "1/2-1/2"]
[WhiteElo "2201"]
[BlackElo "2113"]
[PlyCount "42"]
[EventDate "2005.03.29"]
[SourceDate "2005.03.29"]

1. Nf3 Nc6 2. d4 d5 3. g3 Bg4 4. Bg2 f6 5. O-O e5 6. dxe5 fxe5 7. c4 d4 8. Qa4
Qd7 9. b4 Nxb4 10. Qb3 Bxf3 11. Bxf3 c6 12. Nd2 Nf6 13. Rb1 O-O-O 14. Ba3 Na6
15. Ne4 Qc7 16. Rb2 Nxe4 17. Bxe4 Nc5 18. Bxc5 Bxc5 19. Rfb1 b6 20. a4 a5 21.
Qf3 Rdf8 1/2-1/2

[Event "Euskadi ch"]
[Site "?"]
[Date "2005.03.30"]
[Round "3.2"]
[White "Garrido Legarreta, Jose J"]
[Black "Gonzalez De la Torre, Santiago"]
[Result "0-1"]
[WhiteElo "2066"]
[BlackElo "2384"]
[PlyCount "64"]
[EventDate "2005.03.29"]
[SourceDate "2005.03.29"]

1. d4 d5 2. c4 c6 3. Nf3 dxc4 4. e3 Be6 5. Ne5 Nd7 6. Bxc4 Bxc4 7. Nxc4 Ngf6 8.
Nc3 g6 9. a4 Bg7 10. O-O O-O 11. e4 Qc7 12. Qf3 e5 13. dxe5 Nxe5 14. Nxe5 Qxe5
15. Bf4 Qe7 16. Qe2 Rfe8 17. Rfe1 Rad8 18. f3 Nd5 19. Nxd5 cxd5 20. Qc2 Qf6 21.
Be3 d4 22. Bd2 d3 23. Qb3 Qxb2 24. Qxb2 Bxb2 25. Rab1 Bd4+ 26. Kf1 b6 27. Rb3
Bc5 28. a5 Re6 29. Rc1 f5 30. axb6 axb6 31. Bg5 Rd7 32. Bh6 fxe4 0-1

[Event "Euskadi ch"]
[Site "?"]
[Date "2005.03.30"]
[Round "3.7"]
[White "Galzagorri Uli, Ieray"]
[Black "Wu Martin, Eneko"]
[Result "1-0"]
[WhiteElo "2199"]
[BlackElo "2081"]
[PlyCount "97"]
[EventDate "2005.03.29"]
[SourceDate "2005.03.29"]

1. Nf3 Nf6 2. g3 d5 3. d4 e6 4. Bg2 b6 5. c4 Bb7 6. Ne5 c5 7. Qa4+ Nbd7 8. Bg5
Be7 9. dxc5 bxc5 10. Nxd7 Qxd7 11. Qxd7+ Nxd7 12. Bxe7 Kxe7 13. Nc3 Nb6 14. b3
Rab8 15. cxd5 exd5 16. O-O f5 17. Rac1 d4 18. Nb5 a6 19. Na3 Rhc8 20. e3 dxe3
21. Rfe1 Bxg2 22. Kxg2 Nd5 23. Nc4 Kf6 24. Nxe3 Nxe3+ 25. Rxe3 Rb7 26. Kf3 Rd7
27. Rec3 Rdc7 28. Rc4 Ke5 29. h4 g6 30. h5 g5 31. Ra4 Rc6 32. g4 f4 33. Re4+
Kf6 34. Rce1 R8c7 35. Re5 h6 36. Re8 Rc8 37. R1e6+ Rxe6 38. Rxc8 Ke5 39. Rxc5+
Kd4 40. Rc8 Kd3 41. Rg8 Rc6 42. Rg6 Rc3 43. Rxh6 Kd2+ 44. Kg2 f3+ 45. Kg3 Ke1
46. Rxa6 Rc2 47. Rf6 Rxf2 48. Rxf3 Rxa2 49. h6 1-0

[Event "Euskadi ch"]
[Site "?"]
[Date "2005.03.30"]
[Round "3.8"]
[White "Salinero De Prado, Juan M"]
[Black "Rodriguez Gonzalez, Alex"]
[Result "1-0"]
[WhiteElo "2191"]
[BlackElo "2031"]
[PlyCount "79"]
[EventDate "2005.03.29"]
[SourceDate "2005.03.29"]

1. d4 Nf6 2. Nf3 g6 3. c4 Bg7 4. Nc3 O-O 5. e4 d6 6. Be2 e5 7. O-O Nc6 8. d5
Ne7 9. Ne1 Nd7 10. Be3 f5 11. f3 f4 12. Bf2 h5 13. a4 g5 14. Nd3 Nf6 15. h3 Ng6
16. c5 Rf7 17. a5 Bf8 18. a6 b6 19. cxb6 cxb6 20. Nb4 Bd7 21. Rc1 Rg7 22. Nc6
Qe8 23. Nb5 g4 24. Nc7 Qf7 25. Nxa8 gxh3 26. Kh2 hxg2 27. Rg1 Nxe4 28. fxe4 f3
29. Qd2 Qf6 30. Bxf3 Nh4 31. Rc3 Nxf3+ 32. Rxf3 Qxf3 33. Qe3 Qxe3 34. Bxe3 Bg4
35. Rxg2 Rf7 36. Nxb6 Rf3 37. Nc4 Kh7 38. Rf2 Rh3+ 39. Kg2 Bc8 40. Rf3 1-0

[Event "Euskadi ch"]
[Site "?"]
[Date "2005.03.30"]
[Round "3.3"]
[White "Ruiz Gomez, Alejandro"]
[Black "Limeres Guiance, Cristobal"]
[Result "0-1"]
[WhiteElo "2336"]
[BlackElo "2244"]
[PlyCount "84"]
[EventDate "2005.03.29"]
[SourceDate "2005.03.29"]

1. d4 e6 2. e4 d5 3. Nc3 Nf6 4. Bg5 Bb4 5. e5 h6 6. exf6 hxg5 7. fxg7 Rg8 8. h4
gxh4 9. Nf3 Qf6 10. Qd2 Bd7 11. Rxh4 Nc6 12. a3 Be7 13. O-O-O O-O-O 14. Kb1
Qxg7 15. Rh1 Kb8 16. g3 a6 17. Be2 Rh8 18. Rhg1 Bd6 19. Nh4 Ne7 20. Na2 c5 21.
dxc5 Bxc5 22. Nb4 Ka7 23. Rgf1 Bb6 24. Nf3 Nc6 25. Nxc6+ Bxc6 26. Nd4 Bd7 27.
Nf3 Bc8 28. Qg5 Qf8 29. Nh4 Qh6 30. Qxh6 Rxh6 31. c3 e5 32. Rd2 Rhd6 33. f4 e4
34. Bh5 f6 35. Bg6 e3 36. Rd3 Bg4 37. Re1 e2 38. Nf3 f5 39. Bf7 Rf6 40. Ne5 Bf2
41. Nxg4 Bxe1 42. Nxf6 Bf2 0-1

[Event "Euskadi ch"]
[Site "?"]
[Date "2005.03.30"]
[Round "3.6"]
[White "Basto Auzmendi, Mario"]
[Black "Navarrete Delgado, Sergio"]
[Result "1-0"]
[WhiteElo "2111"]
[BlackElo "2211"]
[PlyCount "115"]
[EventDate "2005.03.29"]
[SourceDate "2005.03.29"]

1. e4 d5 2. d4 dxe4 3. Nc3 Nf6 4. f3 exf3 5. Nxf3 Bg4 6. h3 Bh5 7. g4 Bg6 8.
Bg2 e6 9. Ne5 c6 10. O-O Nbd7 11. Nxg6 hxg6 12. Qf3 Qe7 13. Bf4 Nb6 14. Bh2 g5
15. a4 Qd7 16. a5 Nbd5 17. a6 b6 18. Nxd5 cxd5 19. c4 Be7 20. cxd5 exd5 21. Qf5
Qxf5 22. Rxf5 O-O 23. Re1 Bb4 24. Rc1 Rac8 25. Rxc8 Rxc8 26. Bxd5 Rc1+ 27. Kg2
Rc2+ 28. Kh1 Rxb2 29. Bb7 Rb1+ 30. Kg2 Rb2+ 31. Rf2 Bc3 32. Rxb2 Bxb2 33. Bb8
Bxd4 34. Bxa7 Nd7 35. Bb8 b5 36. a7 Bxa7 37. Bxa7 b4 38. Bd4 Nf8 39. Bd5 Ng6
40. Kg3 Nf4 41. Bc4 Ng6 42. Bb2 Ne7 43. Kf3 Nc8 44. Bb3 Nd6 45. Be5 Nc8 46. Ke4
Kf8 47. Kd4 f6 48. Bg3 Ke7 49. Be1 f5 50. Bxb4+ Kf6 51. gxf5 Kxf5 52. Kd5 Kf6
53. Bc3+ Ke7 54. Ke5 Ke8 55. Ke6 g6 56. Ba4+ Kf8 57. Bb4+ Kg7 58. Bc5 1-0